The invassion of India : (Record no. 463596)

MARC details
000 -LEADER
fixed length control field 00837nam a2200265 a 4500
001 - CONTROL NUMBER
control field vtls001193394
003 - CONTROL NUMBER IDENTIFIER
control field NLI
005 - DATE AND TIME OF LATEST TRANSACTION
control field 20210603151055.0
008 - FIXED-LENGTH DATA ELEMENTS--GENERAL INFORMATION
fixed length control field 120328s1893 xxuac f001 0 eng d
039 #9 - LEVEL OF BIBLIOGRAPHIC CONTROL AND CODING DETAIL [OBSOLETE]
-- 201203281648
-- VLOAD
040 ## - CATALOGING SOURCE
Original cataloging agency NLI
Language of cataloging eng
Transcribing agency Entertech IMP - 2012
Description conventions AACR2
041 0# - LANGUAGE CODE
Language code of text/sound track or separate title eng
044 ## - COUNTRY OF PUBLISHING/PRODUCING ENTITY CODE
MARC country code xxu
084 ## - OTHER CLASSIFICATION NUMBER
Classification number 168.F.13
100 1# - MAIN ENTRY--PERSONAL NAME
Personal name Merindle, J. W.
9 (RLIN) 626222
245 14 - TITLE STATEMENT
Title The invassion of India :
Remainder of title by Alexander the great/
Statement of responsibility, etc. by J. W. Merindle
260 ## - PUBLICATION, DISTRIBUTION, ETC.
Place of publication, distribution, etc. Westminster :
Name of publisher, distributor, etc. Archibald Constable ,
Date of publication, distribution, etc. 1893
300 ## - PHYSICAL DESCRIPTION
Extent xv, 432 p. :
Other physical details port., ill. ;
Dimensions 21 cm.
887 ## - NON-MARC INFORMATION FIELD
Content of non-MARC field
901 ## - LOCAL DATA ELEMENT A, LDA (RLIN)
a IMP78506 :
b 10.12.2010
902 ## - LOCAL DATA ELEMENT B, LDB (RLIN)
a 168.F.13
942 ## - ADDED ENTRY ELEMENTS (KOHA)
Source of classification or shelving scheme Dewey Decimal Classification
Koha item type Books
949 ## - LOCAL PROCESSING INFORMATION (OCLC)
-- VIRTUAITEM
-- 10000
-- 100
6 IMP000078506ENG
Holdings
Withdrawn status Lost status Damaged status Not for loan Home library Current library Date acquired Total Checkouts Full call number Barcode Date last seen Price effective from Koha item type
        National Library of India National Library of India     168.F.13 IMP000078506ENG 03/06/2021 03/06/2021 Books
                                                                           
web counter

Copyright ©2020 The National Library of India, Govt. of India ↔ Hosted by NVLI, MOC ↔ Technology and Design by National Library of India, Ministry of Culture, Govt. of India